Piłkarska kariera Edouarda Mendyego. - Statystyki

Ogólne statystyki
  • Ten quiz został rozwiązany 39 razy
  • Średni wynik to 2 z 6
Statystyki odpowiedzi
Lata Drużyna % Poprawnych
2020-teraz Chelsea
100%
2019-2020 Stade Rennais
64%
2016-2019 Stade Reims
12%
2011-2014 Cherbourg
3%
2015-2016 Olympique Marsylia B
3%
?-2011 Caucriauville
0%
Nie znaleziono quizów pasujących do podanych kryteriów
Rozkład punktacji
Procent ludzi z każdym wynikiem
Percentyl według liczby udzielonych odpowiedzi
Twoja historia wyników
Nie rozwiązałeś tego quizu